000 00376nam a2200133Ia 4500
008 151001s9999||||xx |||||||||||||| ||und||
100 _aनर्मदा इंदूरखा
245 _aसंगठन कि शक्ती
250 _a1
260 _bमुकेश पुस्तक निलय
260 _c2008
300 _a16
365 _b21
999 _c992433
_d992430